| 000 | 00514nam a2200181Ia 4500 | ||
|---|---|---|---|
| 003 | OSt | ||
| 005 | 20250307140719.0 | ||
| 008 | 210210b1965 xxu||||| |||| 00| 0 eng d | ||
| 040 | _cAL | ||
| 041 | _aKannada | ||
| 082 | _a859/247 | ||
| 100 |
_aINAMDAR (V M) _9131861 _dಇನಾಂದಾರ್ |
||
| 245 |
_aManju musukida dari _bಮಂಜು ಮುಸುಕಿದ ದಾರಿ |
||
| 260 |
_aDharavada _bManohara Grantha Mala _c1965 |
||
| 690 |
_aKannada Fiction _9131865 |
||
| 906 | _a021120 | ||
| 942 |
_2ddc _cBK |
||
| 999 |
_c145182 _d145182 |
||